Study on the economic, social and human costs of trafficking in human beings within the EU

Detalles Bibliográficos
Formato: eBook
Lenguaje:inglés
Publicado: Bruselas: European Union Publications Office, 2020
Materias:
Acceso en línea:Acceso restringido

MARC

LEADER 00000nam a22000007a 4500
005 20210825230112.0
007 cr|||| ||||
008 210825s2020 eu |||||s|||| 00||0 eng d
020 |a 978-92-76-21348-2 
035 |a 34278 
040 |a vLex 
090 |c 12130  |d 12130 
245 0 0 |a Study on the economic, social and human costs of trafficking in human beings within the EU  |h [Recurso electrn̤ico] / 
256 |a Servicio en ln̕ea 
260 |a Bruselas:  |b European Union Publications Office,  |c 2020 
300 |a 1 recurso electrn̤ico 
500 |a The purpose of the Study is to measure the cost of trafficking in human beings in the European Union. Trafficking in human beings is a particularly serious crime, driven by profits and involves a chain of actors who are knowingly or unknowingly involved. “It brings high profits to the perpetrators, who abuse people’s vulnerabilities and exploit the demand for the services provided by the victims. It results in long-term harm to its victims, our societies and economies.” It is a violation of fundamental rights that causes immense harm to the victims. It has economic, social and human costs. The existence of trafficking in human beings is a cost to the wider economy and society by creating need for public services, in diverting resources away from the legal economy, and in its effects on the quality of life. Measuring the cost of trafficking in human beings in a monetary form is done in order to improve the quality of decision-making where cost-benefit analysis is relevant to decisions over the allocation of public resources. Translating trafficking in human beings into a cost is relevant to public policy concerning developing the European area of freedom, security and justice, and the Single European Market. This Study is a key Commission action to build a sound knowledge base for the 2017 Commission Communication “Reporting on the follow up to the EU Strategy towards the eradication of trafficking in human beings and identifying further concrete actions” and the EU Anti-trafficking Directive. 
506 1 |a Disponible solo en los productos indicados  |d vLex Global  |d vLex Global (Academic Edition, excluding Law Schools)  |d vLex Global (U.S. Academic Edition, Law Schools)  |d vLex Global (U.S. Academic Edition, excluding Law Schools)  |d vLex Global (Academic Edition, Law Schools) 
650 0 4 |a Derecho Constitucional  |z Unin̤ Europea 
740 0 |a vLex Libros (Servicio en ln̕ea) 
856 4 0 |u https://app.vlex.com/#/sources/34278  |z Acceso restringido 
942 |c BOOK 
999 0 |a Constitutional right